<?xml version="1.0" encoding="UTF-8"?>
<record
    xmlns:xsi="http://www.w3.org/2001/XMLSchema-instance"
    xsi:schemaLocation="http://www.loc.gov/MARC21/slim http://www.loc.gov/standards/marcxml/schema/MARC21slim.xsd"
    xmlns="http://www.loc.gov/MARC21/slim">

  <leader>01120nam a22002057a 4500</leader>
  <controlfield tag="003">OSt</controlfield>
  <controlfield tag="005">20210526120307.0</controlfield>
  <controlfield tag="008">190725b        xxu||||| |||| 00| 0 eng d</controlfield>
  <datafield tag="040" ind1=" " ind2=" ">
    <subfield code="c">LC</subfield>
  </datafield>
  <datafield tag="050" ind1=" " ind2=" ">
    <subfield code="a">KRX19.A3.G34</subfield>
  </datafield>
  <datafield tag="245" ind1=" " ind2=" ">
    <subfield code="a">Ghana Monthly Judgements: law report of Superior Courts of Ghana: January, 2019: part 128. / </subfield>
    <subfield code="c">edited by Kwame Gyan.</subfield>
  </datafield>
  <datafield tag="260" ind1=" " ind2=" ">
    <subfield code="a">Accra:</subfield>
    <subfield code="b">Legalpoint Ltd.,</subfield>
    <subfield code="c">2019.</subfield>
  </datafield>
  <datafield tag="300" ind1=" " ind2=" ">
    <subfield code="a">xxix, 280 p. :</subfield>
    <subfield code="c">23 cm.</subfield>
  </datafield>
  <datafield tag="440" ind1=" " ind2=" ">
    <subfield code="a">Ghana monthly judgements: law report of Superior Courts of Ghana: October, 2018: part 125.</subfield>
  </datafield>
  <datafield tag="500" ind1=" " ind2=" ">
    <subfield code="a">Includes index.</subfield>
  </datafield>
  <datafield tag="505" ind1=" " ind2=" ">
    <subfield code="a">Contents: Citation -- Index of cases reported -- Index of Ghanaian cases referred to in this report -- Index of foreign cases referred to in this report -- Index of statutes referred to in this report -- Monograph referred to in this report -- Rules of court referred to in this report -- Index of subject-matter referred to in this report.</subfield>
  </datafield>
  <datafield tag="653" ind1=" " ind2=" ">
    <subfield code="a">	 Ghana. -- Supreme Court. </subfield>
    <subfield code="a">	Law reports, digests, etc. -- Ghana.  </subfield>
    <subfield code="a">Ghana. Court of Appeal. Ghana. Supreme Court. Ghana. High Court.</subfield>
  </datafield>
  <datafield tag="700" ind1=" " ind2=" ">
    <subfield code="a">Gyan, Kwame.</subfield>
  </datafield>
  <datafield tag="942" ind1=" " ind2=" ">
    <subfield code="2">lcc</subfield>
    <subfield code="c">BK</subfield>
  </datafield>
  <datafield tag="999" ind1=" " ind2=" ">
    <subfield code="c">7606</subfield>
    <subfield code="d">15106</subfield>
  </datafield>
  <datafield tag="952" ind1=" " ind2=" ">
    <subfield code="0">0</subfield>
    <subfield code="1">0</subfield>
    <subfield code="2">lcc</subfield>
    <subfield code="4">0</subfield>
    <subfield code="7">0</subfield>
    <subfield code="a">WIUC-KL</subfield>
    <subfield code="b">WIUC-KL</subfield>
    <subfield code="c">LL</subfield>
    <subfield code="d">2021-05-25</subfield>
    <subfield code="l">0</subfield>
    <subfield code="o">KRX19.A3.G34(pt 128)</subfield>
    <subfield code="p">KSL/345/008/21</subfield>
    <subfield code="r">2021-05-26 00:00:00</subfield>
    <subfield code="w">2021-05-26</subfield>
    <subfield code="y">BK</subfield>
  </datafield>
</record>
